[Event "Catalunya-chT"]
[Site "Catalunya"]
[Date "1996.??.??"]
[Round "?"]
[White "Rodriguez Vargas, Orestes"]
[Black "Formanek, Edward W"]
[Result "1-0"]
[WhiteElo "2405"]
[BlackElo "2355"]

1.d4 d5 2.c4 Nc6 3.Nf3 Bg4 4.cxd5 Bxf3 5.gxf3 Qxd5 6.e3 e5 7.Nc3 Bb4 8.Bd2 Bxc3
9.bxc3 Nf6 10.Be2 O-O 11.O-O Qd6 12.Re1 Rad8 13.Qc2 Rfe8 14.Rab1 b6 15.Rb5 Nb8
16.Bc1 c6 17.dxe5 Rxe5 18.Rd1 Qxd1+ 19.Bxd1 cxb5 20.e4 Rc5 21.Be3 Rc6 22.Qb3 a6
23.Bd4 b4 24.Qxb4 Nbd7 25.Be2 Nc5 26.Bxc5 bxc5 27.Qb7 Rcd6 28.Bc4 R6d7 29.Qxa6 Nh5
30.Bd5 Nf4 31.c4 Rb8 32.h4 h5 33.Qc6 Re7 34.a4 Kh7 35.e5 Rb1+ 36.Kh2 Nxd5
37.Qxd5 Rb4 38.a5 Ra4 39.e6 g6 40.exf7 Kg7 41.f8=Q+ Kxf8  1-0

[Event "Catalunya-chT"]
[Site "Catalunya"]
[Date "1996.??.??"]
[Round "?"]
[White "Gual Pascual, Antonio"]
[Black "Formanek, Edward W"]
[Result "1-0"]
[WhiteElo "2390"]
[BlackElo "2355"]

1.d4 d5 2.c4 Nc6 3.cxd5 Qxd5 4.e3 e5 5.Nc3 Bb4 6.Bd2 Bxc3 7.bxc3 Nf6 8.f3 exd4
9.cxd4 O-O 10.Bd3 Bf5 11.Bxf5 Qxf5 12.Ne2 Rad8 13.Qb1 Qc8 14.O-O Ne8 15.Qb3 Nd6
16.Rac1 Ne7 17.e4 Qd7 18.Bb4 Rfe8 19.Rc2 Rb8 20.d5 c6 21.dxc6 Nxc6 22.Rd2 Re6
23.Nf4 Rf6 24.Rfd1 Nxb4 25.Qxb4 Rxf4 26.Rxd6 Qe7 27.Qd4 h6 28.Rd8+ Rxd8 29.Qxd8+ Qxd8
30.Rxd8+ Kh7 31.Rd7 Rf6 32.Rxb7 a6 33.a4 Kg6 34.a5 Kh7 35.Kf2 g5 36.Rb6 Kg7
37.Ke3  1-0

[Event "Capablanca mem-B"]
[Site "Cienfuegos"]
[Date "1996.??.??"]
[Round "4"]
[White "Cifuentes Parada, Roberto"]
[Black "Sariego, Wilfredo"]
[Result "0-1"]
[WhiteElo "2490"]
[BlackElo "2395"]

1.d4 d5 2.c4 Nc6 3.cxd5 Qxd5 4.e3 e5 5.Nc3 Bb4 6.Bd2 Bxc3 7.bxc3 Nf6 8.f3 Qd6
9.Bd3 O-O 10.Ne2 Be6 11.O-O Rfe8 12.Qc1 Rad8 13.Be1 Bc8 14.Bf2 exd4 15.cxd4 Nb4
16.Bb1 Qa6 17.Nf4 Nc6 18.Bd3 Qa5 19.h4 Ne7 20.Qb2 c6 21.Rac1 Ned5 22.Nxd5 Nxd5
23.Rfe1 Qb4 24.Qc2 g6 25.h5 Qe7 26.hxg6 hxg6 27.Bf1 Qg5 28.Qd2 Kg7 29.g3 Rh8
30.Re2 Qh5 31.Bg2 b6 32.e4 Qh2+ 33.Kf1 Bh3 34.Bg1 Qxg3 35.Bxh3 Qxh3+ 36.Kf2 Qh4+
37.Kf1 Nf4 38.Rf2 Qh3+ 39.Ke1 Qg3  0-1

[Event "Corsico op2"]
[Site "Corsico"]
[Date "1996.??.??"]
[Round "6"]
[White "Cebalo, Miso"]
[Black "Spinelli, Doriano"]
[Result "1-0"]
[WhiteElo "2495"]
[BlackElo "2170"]

1.d4 d5 2.c4 Nc6 3.Nc3 dxc4 4.Nf3 Bg4 5.d5 Bxf3 6.gxf3 Ne5 7.Qd4 Nd7 8.Qxc4 Nb6
9.Qb3 Nf6 10.e4 a6 11.a4 Rb8 12.Be3 g6 13.Be2 Bg7 14.f4 O-O 15.a5 Nc8 16.e5 b5
17.axb6 Nxb6 18.exf6 exf6 19.f5 Nd7 20.Qc2 Ne5 21.Rxa6 Rb3 22.Bc5  1-0

[Event "CZE-chT 9596"]
[Site "?"]
[Date "1996.??.??"]
[Round "2"]
[White "Spacek, Petr"]
[Black "Masternak, Grzegorz"]
[Result "1-0"]
[WhiteElo "2400"]
[BlackElo "2385"]

1.d4 d5 2.c4 Nc6 3.Nc3 dxc4 4.Nf3 Bg4 5.d5 Bxf3 6.exf3 Ne5 7.Bf4 Ng6 8.Bxc4 Nf6
9.Bg3 a6 10.O-O Qd7 11.Qb3 O-O-O 12.Rac1 e5 13.dxe6 Qc6 14.exf7 Bd6 15.Ne4 Kb8
16.Be6 Qb5 17.Qxb5 axb5 18.Nxd6 cxd6 19.Rfd1  1-0

[Event "Asia-ch"]
[Site "Dubai"]
[Date "1996.??.??"]
[Round "?"]
[White "Irzhanov, Ruslan"]
[Black "Rahman, Amisur"]
[Result "1/2-1/2"]
[WhiteElo "2500"]
[BlackElo "2180"]

1.d4 d5 2.c4 Nc6 3.Nc3 dxc4 4.d5 Ne5 5.Qd4 Ng6 6.Qxc4 a6 7.Qb3 b6 8.g3 e5
9.dxe6 Bxe6 10.Qc2 Nf6 11.Bg2 Bc5 12.Nf3 O-O 13.O-O h6 14.Rd1 Qe7 15.Nd4 Bxd4
16.Rxd4 Rad8 17.Rxd8 Rxd8 18.b3 Ng4 19.h3 Nf6 20.Kh2 h5 21.Bb2 h4 22.Ne4 hxg3+
23.fxg3 Nxe4 24.Qxe4 Qg5 25.Bc3 Nf8 26.Rf1 Bd5 27.Qf4 Qxf4 28.gxf4 Bxg2 29.Kxg2 c5
30.Kf2 f6 31.e3 Kf7 32.Ke2 Ne6 33.Rd1 Rxd1 34.Kxd1 Nc7 35.e4 Nb5 36.Bb2 Nd6
37.e5 fxe5 38.Bxe5 Nf5 39.Ke2 Ke6 40.Kf3 Kd5 41.h4 g6 42.Kg4 Ke4 43.Kg5 b5
44.Bf6 Nxh4 45.Kxh4 Kxf4 46.Be7 c4 47.bxc4 bxc4 48.Bb4 Ke4 49.Kg5 Kd3 50.Kxg6 c3  1/2-1/2

[Event "FIN-chT 9697"]
[Site "FIN"]
[Date "1996.??.??"]
[Round "5.2"]
[White "Tuominen, Risto"]
[Black "Keskisarja, Teemu"]
[Result "0-1"]
[WhiteElo "2105"]
[BlackElo "2255"]

1.d4 d5 2.c4 Nc6 3.cxd5 Qxd5 4.e3 e5 5.Nc3 Bb4 6.Bd2 Bxc3 7.bxc3 Nf6 8.c4 Qd6
9.d5 Ne7 10.Qa4+ Qd7 11.Qa3 O-O 12.Nf3 Ng6 13.Bc3 Re8 14.Qb2 Qd6 15.Rd1 Bg4
16.Be2 b6 17.O-O a5 18.h3 Bxf3 19.Bxf3 Nd7 20.Qc2 Nc5 21.g3 e4 22.Bg2 f5
23.f4 exf3 24.Rxf3 Ne4 25.Be1 Qd7 26.Rf1 Nd6 27.c5 bxc5 28.Qxc5 Ne5 29.Rc1 Rac8
30.Rc3 Ne4 31.Bxe4 fxe4 32.Kg2 a4 33.Bf2 Rf8 34.Qd4 Qf5 35.Qd1 Nd3 36.Bg1 Qxd5
37.Rxf8+ Rxf8 38.Qe2 c5 39.Kh2 h6 40.Ra3 Qc4 41.Qd2 Rb8 42.Rc3 Qf7 43.Rc2 Rb1
44.Bf2 Qf3 45.Bg1 Qf1 46.Qg2 Qxg2+ 47.Rxg2  0-1

[Event "FIN-chT 9596"]
[Site "FIN"]
[Date "1996.??.??"]
[Round "10"]
[White "Kekki, Petri"]
[Black "Keskisarja, Teemu"]
[Result "1/2-1/2"]
[WhiteElo "2350"]
[BlackElo "2255"]

1.d4 d5 2.c4 Nc6 3.cxd5 Qxd5 4.Nf3 e5 5.Nc3 Bb4 6.Bd2 Bxc3 7.Bxc3 e4 8.Ne5 e3
9.Nxc6 exf2+ 10.Kxf2 bxc6 11.e4 Qxe4 12.d5 Nf6 13.Bxf6 gxf6 14.dxc6 O-O 15.Be2 Re8
16.Re1 Qxc6 17.Qd4 Bb7 18.Bf1 Qb6 19.Rxe8+ Rxe8 20.Qxb6 cxb6 21.Rd1  1/2-1/2

[Event "Frydek-Mistek (Women)"]
[Site "Frydek-Mistek"]
[Date "1996.??.??"]
[Round "3"]
[White "Zayac, Elena"]
[Black "Jackova, Jana"]
[Result "1/2-1/2"]
[WhiteElo "2310"]
[BlackElo "2210"]

1.d4 d5 2.c4 Nc6 3.Nc3 dxc4 4.Nf3 Nf6 5.e4 Bg4 6.Be3 e6 7.Bxc4 Bb4 8.Qc2 O-O
9.Rd1 Qe7 10.Be2 Rfd8 11.O-O a6 12.Na4 Bxf3 13.Bxf3 e5 14.d5 Na7 15.Nc5 c6
16.a3 Bxc5 17.Bxc5 Qe8 18.Bxa7 Rxa7 19.dxc6 Rxd1 20.Rxd1 bxc6 21.Rd6 Rc7
22.Qd3 Rd7 23.Rxd7 Qxd7 24.Qxa6 h6 25.h3 Qd2 26.Qc8+ Kh7 27.Qf5+ Kg8 28.Qxe5 Qe1+
29.Kh2 Qxf2 30.a4 Qa7 31.a5 c5 32.Qc3 Ne8 33.e5 Nc7 34.Qb3 Qxa5 35.Qb8+ Kh7
36.Be4+ g6 37.Qf8 Qa2 38.Qxc5 Ne6 39.Bd5 Nxc5 40.Bxa2 Nd3 41.Bxf7 Nxb2 42.Kg3 Kg7
43.e6 Kf6 44.Kf4 Nc4 45.Ke4  1/2-1/2

[Event "Troll Masters"]
[Site "Gausdal"]
[Date "1996.??.??"]
[Round "7"]
[White "Ward, Christopher"]
[Black "Lejlic, Samir"]
[Result "0-1"]
[WhiteElo "2505"]
[BlackElo "2420"]

1.d4 d5 2.c4 Nc6 3.Nc3 dxc4 4.d5 Ne5 5.f4 Ng6 6.e4 e6 7.Bxc4 Nf6 8.Bb5+ Bd7
9.dxe6 Bxb5 10.exf7+ Ke7 11.Qb3 Qd3 12.Nge2 Bc4 13.Qxb7 Kxf7 14.Qxc7+ Be7
15.e5 Rhc8 16.Qb7 Nd5 17.e6+ Kg8 18.Bd2 Rab8 19.Qxa7 Rxb2 20.Rd1 Nxc3 21.Nxc3 Bxe6  0-1

[Event "BL2-S9596"]
[Site "Germany"]
[Date "1996.??.??"]
[Round "?"]
[White "Luft, Andreas"]
[Black "Mohrlok, Dieter"]
[Result "1/2-1/2"]
[WhiteElo "2325"]
[BlackElo "2415"]

1.d4 Nc6 2.c4 d5 3.cxd5 Qxd5 4.e3 e5 5.Nc3 Bb4 6.Bd2 Bxc3 7.bxc3 Nf6 8.c4 Qd6
9.d5 Ne7 10.Qb3 a5 11.Bd3 e4 12.Bc2 c6 13.dxc6 Nxc6 14.Rd1 Bg4 15.f3 exf3
16.gxf3 Be6 17.Qb5 O-O 18.Bc3 Qe7 19.Ne2 Nb4 20.Bb1 Rfd8 21.Rxd8+ Rxd8 22.Rg1 Ne8
23.Nf4 Nc6 24.Qh5 f5 25.Qh6 Bxc4 26.Kf2 Rd6 27.Qh5 Qf7 28.Qg5 Ne7 29.Bxa5 Qf6
30.Qxf6 Nxf6 31.Bb4 Rd7 32.Rc1 Bf7 33.Bxe7 Rxe7 34.Rc8+ Re8 35.Bxf5 Bxa2
36.Rxe8+ Nxe8 37.Ke2 g6 38.Be4 Nd6 39.Bd5+ Bxd5 40.Nxd5 Kf7 41.Kd3 Ke6 42.e4 g5
43.Kd4 Nf7 44.Nc7+ Kd7 45.Nd5 Kd6 46.Nf6 h6 47.Ne8+ Ke7 48.Ng7 Kf6 49.Ne8+  1/2-1/2

[Event "BL2-W9596"]
[Site "Germany"]
[Date "1996.??.??"]
[Round "?"]
[White "Koch, Thomas"]
[Black "Haubt, Georg"]
[Result "1/2-1/2"]
[WhiteElo "2350"]
[BlackElo "2270"]

1.d4 d5 2.c4 Nc6 3.Nc3 dxc4 4.d5 Ne5 5.f4 Nd7 6.e4 Nb6 7.Bxc4 Nxc4 8.Qa4+ Bd7
9.Qxc4 c6 10.Nf3 e6 11.dxe6 Bxe6 12.Qe2 Bc5 13.f5 Bd7 14.Be3 Qb6 15.Bxc5 Qxc5
16.O-O-O O-O-O 17.g4 Nf6 18.Nd2 Rhe8 19.Kb1 Kb8 20.Rhe1 g6 21.Qg2 b5 22.h3 Bc8
23.Qf3 gxf5 24.Qg3+ Ka8 25.exf5 Rxe1 26.Qxe1 h5 27.Nde4 Rxd1+ 28.Qxd1 Nxe4
29.Nxe4 Qe3 30.Nd6 Qxh3 31.Nxc8 hxg4 32.Ne7 Qf3 33.Qd8+ Kb7 34.Qd7+ Kb6 35.Nc8+ Kc5
36.Qe7+ Kc4 37.Qxf7+ Kd3 38.Qb3+ Ke2 39.Qc2+ Ke1 40.f6 g3 41.Qc1+ Ke2 42.Qc2+ Kf1
43.Qc1+ Ke2  1/2-1/2

[Event "Oberliga Ost B9596"]
[Site "Germany"]
[Date "1996.??.??"]
[Round "?"]
[White "Kraai, Jesse"]
[Black "Diebl, Lutz"]
[Result "1/2-1/2"]
[WhiteElo "2295"]
[BlackElo "2205"]

1.d4 d5 2.c4 Nc6 3.Nc3 dxc4 4.Nf3 Nf6 5.e4 Bg4 6.Be3 e6 7.Qa4 Nd7 8.Qxc4 Nb6
9.Qd3 Bxf3 10.gxf3 Qf6 11.f4 O-O-O 12.O-O-O Bc5 13.Ne2 Rd7 14.e5 Qh4 15.Bg2 Be7
16.Bxc6 bxc6 17.Qa6+ Kb8 18.d5 cxd5 19.Nd4 c5 20.Nc6+ Ka8 21.Rd3 Rc8  1/2-1/2

[Event "BL2-O9596"]
[Site "Germany"]
[Date "1996.??.??"]
[Round "?"]
[White "Broeder, Iris"]
[Black "Tennstedt, Andreas"]
[Result "1/2-1/2"]
[WhiteElo "2185"]
[BlackElo "2280"]

1.d4 d5 2.c4 Nc6 3.Nf3 Bg4 4.e3 e6 5.Be2 Nf6 6.O-O dxc4 7.Qa4 a6 8.Qxc4 Bd6
9.Nbd2 O-O 10.a3 e5 11.dxe5 Bxe5 12.h3 Be6 13.Qc2 Qe7 14.Nxe5 Nxe5 15.b4 Rad8
16.Bb2 Nc6 17.Bf3 Nd5 18.Rad1 Qg5 19.Bxd5 Bxd5 20.e4 Be6 21.Nf3 Qe7 22.Qc3 f6
23.a4 Qxb4 24.e5 Qxc3 25.Bxc3 Bd5 26.exf6 Bxf3 27.Rxd8 Rxd8 28.gxf3 g6 29.Kg2 Rd3
30.Rc1 Kf7 31.Bb2 Rd2 32.Bc3 Rd3 33.Bb2 Rb3 34.Rc2 Rb4 35.Rd2 Nb8 36.Be5 Rxa4  1/2-1/2

[Event "Oberliga Nord O9697"]
[Site "Germany"]
[Date "1996.??.??"]
[Round "?"]
[White "Steinert, Marc"]
[Black "Urban, Hans Rainer"]
[Result "1-0"]
[WhiteElo "2210"]
[BlackElo "2195"]

1.d4 d5 2.c4 Nc6 3.Nc3 Nf6 4.Nf3 Bg4 5.cxd5 Bxf3 6.dxc6 Bxc6 7.f3 e6 8.e4 Bb4
9.Be3 Qe7 10.Be2 O-O-O 11.Qb3 Ba5 12.O-O-O Bb6 13.Bb5 Bxb5 14.Nxb5 a6 15.Na3 Rd6
16.Kb1 Nd7 17.Nc4 Rc6 18.Rhe1 Re8 19.Rc1 Kb8 20.Rc3 e5 21.d5 Nc5 22.Qc2 Rg6
23.d6 Rxd6 24.Nxd6 cxd6 25.Rc1 Nd7 26.Bxb6 Nxb6 27.Rc7 Qe6 28.Rxb7+ Kxb7
29.Qc7+ Ka8 30.Qxb6 d5 31.Rc6  1-0

[Event "Landesliga N9596 Bayern"]
[Site "Germany"]
[Date "1996.??.??"]
[Round "?"]
[White "Sinkovics, Peter"]
[Black "Braun, Herbert"]
[Result "1-0"]
[WhiteElo "2300"]
[BlackElo "2150"]

1.d4 d5 2.c4 Nc6 3.Nf3 Bg4 4.cxd5 Bxf3 5.dxc6 Bxc6 6.Nc3 e6 7.e4 Bb4 8.f3 Qh4+
9.g3 Qf6 10.Be3 O-O-O 11.Qe2 Ba5 12.O-O-O Nh6 13.h4 Qe7 14.Bh3 Kb8 15.d5 exd5
16.exd5 Rde8 17.Rhe1 Bd7 18.Qf2 Qd8 19.Bxa7+ Ka8 20.Bxd7 Qxd7 21.Bc5 Bxc3
22.Rxe8+ Rxe8 23.bxc3 b6 24.Bd4 Qb5 25.Re1 Rxe1+ 26.Qxe1 Qxd5 27.Qe4 Qxe4
28.fxe4 g6 29.Kd2 Kb7 30.c4 Kc6 31.Ke3 Ng4+ 32.Kf4 h5 33.a4 Kd6 34.e5+ Ke6
35.c5 bxc5 36.Bxc5 Nxe5 37.Bd4 Nc6 38.Bc3 f6 39.a5 Nb8 40.Ke4 g5 41.hxg5 fxg5
42.Bd2 Kf6 43.Be3 c6 44.Bb6 h4 45.g4 Na6 46.Bd4+ Ke6 47.Be3 Kf6 48.Bg1 Ke6
49.Be3 Kf6 50.Bb6 Nb8 51.Bd8+ Kg6 52.Bc7 Na6 53.Be5 Nc5+ 54.Ke3 Na6 55.Bd4 Kf7
56.Ke4 Ke6 57.Be3 Kf6 58.Kd4 Nb8 59.Kc5 Ke5 60.Bg1 Ke4 61.Bh2 Nd7+ 62.Kd6 Nb8
63.Kc7 Na6+ 64.Kxc6 Kf3 65.Kb5 Kxg4 66.Kxa6 Kh3 67.Bd6 g4 68.Kb5 g3 69.a6 g2
70.Bc5 Kh2 71.a7 h3 72.a8=Q g1=Q 73.Bxg1+ Kxg1 74.Qa7+ Kh1 75.Qf2 h2 76.Qf1+  1-0

[Event "NRW-Liga II 9596"]
[Site "Germany"]
[Date "1996.??.??"]
[Round "?"]
[White "Roos, Thomas"]
[Black "Heisel, Guido"]
[Result "1-0"]
[WhiteElo "2255"]
[BlackElo "2230"]

1.d4 d5 2.c4 Nc6 3.Nc3 Nf6 4.Bf4 Bg4 5.f3 Bh5 6.e3 e6 7.Bg5 dxc4 8.Bxc4 Be7
9.Nge2 Nd5 10.Bxe7 Ncxe7 11.Qd2 Nb6 12.Bb3 c6 13.Ne4 Bg6 14.Nc5 Qc7 15.Nf4 Ned5
16.Nfd3 Bxd3 17.Nxd3 Ne7 18.O-O Nd7 19.Qc3 h5 20.e4 Qb6 21.Kh1 Nf6 22.Rfd1 h4
23.Nc5 Rh6 24.Rac1 Rd8 25.Bc4 Kf8 26.a4 Kg8 27.b4 Nh5 28.Bf1 Qc7 29.Qe3 b6
30.Nb3 Qd6 31.b5 cxb5 32.axb5 Rg6 33.Qc3 Rd7 34.Na1 Qf4 35.Qd2 Qd6 36.Nc2 Kh7
37.Ne3 Qb8 38.Ng4 Rd8 39.Ne5 Rh6 40.Nxf7 h3 41.g4  1-0

[Event "Landesliga S9596 Bayern"]
[Site "Germany"]
[Date "1996.??.??"]
[Round "?"]
[White "Katzer, Joachim"]
[Black "Hinkmann, Jens"]
[Result "1/2-1/2"]
[WhiteElo "1945"]
[BlackElo "2060"]

1.d4 d5 2.c4 Nc6 3.cxd5 Qxd5 4.Nf3 e5 5.Nc3 Bb4 6.dxe5 Qxd1+ 7.Kxd1 Bg4 8.Bf4 Nge7
9.e3 O-O-O+ 10.Kc2 Ng6 11.Bg5  1/2-1/2

[Event "BL2-O9596"]
[Site "Germany"]
[Date "1996.??.??"]
[Round "?"]
[White "Euler, Gerd"]
[Black "Majer, Damir"]
[Result "1-0"]
[WhiteElo "2365"]
[BlackElo "2275"]

1.d4 d5 2.c4 Nc6 3.Nf3 Bg4 4.cxd5 Bxf3 5.gxf3 Qxd5 6.e3 e5 7.Nc3 Bb4 8.Bd2 Bxc3
9.bxc3 Qd6 10.Rb1 O-O-O 11.Qb3 b6 12.Rg1 g6 13.Bc4 f5 14.Be6+ Kb8 15.d5 Na5
16.Qb5 Nb7 17.c4 Nc5 18.Bb4 Nd3+ 19.Ke2 Nxb4 20.Rxb4 c6 21.Qa4 Nf6 22.Rgb1 cxd5
23.cxd5 Nxd5 24.Bxd5 Qxd5 25.Rxb6+ axb6 26.Rxb6+ Kc8 27.Rc6+ Kb8 28.Qb4+ Ka7
29.Qb6+ Ka8 30.Qa6+  1-0

[Event "BL9697 (Women)"]
[Site "Germany"]
[Date "1996.??.??"]
[Round "?"]
[White "Meissner, Claudia"]
[Black "Vidonyak, Nellya"]
[Result "1/2-1/2"]
[WhiteElo "2105"]
[BlackElo "2220"]

1.d4 d5 2.c4 Nc6 3.Nf3 Bg4 4.Nbd2 e6 5.Qa4 Qd7 6.e3 Nf6 7.cxd5 Nxd5 8.Bb5 Bxf3
9.Nxf3 Bd6 10.Bxc6 Qxc6 11.Qxc6+ bxc6 12.O-O c5 13.dxc5 Bxc5 14.Bd2 Rb8 15.Rac1 Bd6
16.e4 Nf4 17.Bxf4 Bxf4 18.Rc2 f6 19.e5 fxe5 20.Re1 O-O 21.Nxe5 Bxe5 22.Rxe5 Rfd8
23.g3 Rd6 24.Rec5 c6 25.Ra5 Rb7 26.Ra6 Rc7 27.b4 Kf7 28.b5 Rd1+ 29.Kg2 c5
30.Rc6 Rxc6 31.bxc6 Ke7 32.Rxc5 Rd8 33.Ra5 Ra8 34.Kf3 a6 35.Rg5 Rg8 36.c7 Kd7
37.Rc5 Rc8 38.Ke4 Rxc7 39.Rxc7+ Kxc7 40.Ke5 Kd7 41.h4 Ke7 42.g4 Kd7 43.h5 Ke7
44.g5 Kd7 45.a4 Ke7 46.Kd4 Kd6 47.f4 Kc6 48.Ke5 Kd7 49.f5 exf5 50.Kxf5 Kd6
51.h6 gxh6 52.gxh6 Ke7 53.Ke5 Kf7 54.Kd5 Kg6 55.Kc5 Kxh6 56.a5 Kg5 57.Kb6 h5
58.Kxa6 h4 59.Kb7 h3 60.a6 h2 61.a7  1/2-1/2

[Event "Goetzis op"]
[Site "Goetzis"]
[Date "1996.??.??"]
[Round "3"]
[White "Loos, Stephan"]
[Black "Kleinhenz, Hans Georg"]
[Result "0-1"]
[WhiteElo "2295"]
[BlackElo "2035"]

1.d4 d5 2.c4 Nc6 3.cxd5 Qxd5 4.Nf3 e5 5.Nc3 Bb4 6.Bd2 Bxc3 7.Bxc3 e4 8.Nd2 Nf6
9.e3 O-O 10.Qc2 Be6 11.f3 Qg5 12.Kf2 exf3 13.gxf3 Nd5 14.Qe4 Rae8 15.h4 Qh6
16.Qd3 f5 17.Bg2 Nf6 18.Rag1 Bxa2 19.Bh3 Ne4+ 20.Ke2 Nxd2 21.Kxd2 Bd5 22.Bg2 a5
23.f4 Qe6 24.Rh3 Nb4 25.Bxb4 axb4 26.Rg3 Re7 27.Bh3 Be4 28.Qe2 Qb3 29.Ke1 Ra8
30.Bf1 b5 31.Qxb5 Ra1+ 32.Kf2 Qxb2+ 33.Be2 Rxg1 34.Rxg1 h6 35.Qb8+ Kh7 36.Qb5 b3
37.Qb4 Re8 38.Qc5 Ra8 39.Qe7 Rg8 40.Qf7 Kh8 41.Qc4 Qc2 42.Qxc2 Bxc2 43.Bd1 Bxd1
44.Rxd1 b2 45.e4 fxe4 46.Ke3 Rb8 47.Rb1 Kg8 48.Kxe4 Kf7 49.Kd5 Rb6 50.Kc5 Ke7
51.d5 Kd7 52.h5 Rb8  0-1

[Event "Goetzis op"]
[Site "Goetzis"]
[Date "1996.??.??"]
[Round "7"]
[White "Dinser, Hans"]
[Black "Kleinhenz, Hans Georg"]
[Result "1-0"]
[WhiteElo "2165"]
[BlackElo "2035"]

1.d4 d5 2.c4 Nc6 3.Nc3 dxc4 4.Nf3 Nf6 5.e4 e6 6.Bxc4 Bb4 7.Bd3 Qe7 8.O-O Bxc3
9.bxc3 e5 10.d5 Nb8 11.a4 Bg4 12.Ba3 Bxf3 13.Qxf3 Qd8 14.Qf5 Nfd7 15.Bb5 Qf6
16.Qg4 h5 17.Qe2 c6 18.dxc6 Nxc6 19.Rfd1 Rh6 20.Rd6 Qh4 21.Rxh6 gxh6 22.Rd1 Rd8
23.g3 Qg5 24.h4 Qg4 25.Qd3 Qg6 26.Rd2 Qf6 27.Qd6 Qxd6 28.Rxd6 f6 29.Bxc6 bxc6
30.Rxc6 Rb8 31.Re6+ Kd8 32.Bb4 Kc8 33.Re8+ Kb7 34.Re7 Kc6 35.Rh7  1-0

[Event "Groningen SC op"]
[Site "Groningen"]
[Date "1996.??.??"]
[Round "3"]
[White "Peng, Zhaoqin"]
[Black "Ye Rongguang"]
[Result "0-1"]
[WhiteElo "2410"]
[BlackElo "2475"]

1.d4 d5 2.c4 Nc6 3.cxd5 Qxd5 4.Nf3 e5 5.Nc3 Bb4 6.Bd2 Bxc3 7.Bxc3 e4 8.Ne5 Nge7
9.e3 Nxe5 10.dxe5 Be6 11.Qa4+ Bd7 12.Qc4 O-O-O 13.Be2 Qxc4 14.Bxc4 Be6 15.Bxe6+ fxe6
16.Ke2 Nd5 17.Rhd1 c5 18.Be1 Nc7 19.Rac1 Rxd1 20.Kxd1 Rd8+ 21.Ke2 Rd5 22.Rc4 Rxe5
23.Bc3 Rg5 24.g3 g6 25.Rxe4 Rf5 26.g4 Rf7 27.h4 Kd7 28.a4 Nd5 29.Bh8 Rf8
30.Bg7 Rg8 31.Be5 b6 32.Bg3 a6 33.Re5 c4 34.h5 c3 35.bxc3 Nxc3+ 36.Kd2 Nxa4
37.hxg6 hxg6 38.Re4 Nc5 39.Rd4+ Kc6 40.Kc2 a5 41.Be5 Kb5 42.f4 Rc8 43.Kb1 a4
44.g5 Nb3 45.Rd1 Rc4 46.Rd6 Rc6 47.Rd7 a3 48.Ka2 Ka4 49.Ra7+ Na5 50.Rd7 b5
51.Rd4+ b4 52.e4 Rc2+  0-1

[Event "FIN-ch"]
[Site "Helsinki"]
[Date "1996.??.??"]
[Round "1"]
[White "Norri, Joose"]
[Black "Puranen, Jukka"]
[Result "0-1"]
[WhiteElo "2365"]
[BlackElo "2300"]

1.d4 d5 2.c4 Nc6 3.Nc3 dxc4 4.d5 Ne5 5.f4 Ng4 6.h3 N4f6 7.e4 e6 8.dxe6 Qxd1+
9.Kxd1 Bxe6 10.f5 O-O-O+ 11.Kc2 Bd7 12.Bxc4 Nxe4 13.Nxe4 Bxf5 14.Bd3 Rxd3
15.Kxd3 Nf6 16.Nf3 Nxe4 17.Kc4 a6 18.g4 b5+ 19.Kb3 Nc5+ 20.Kc3 Na4+ 21.Kd2 Bb4+
22.Ke2 Re8+ 23.Kf2 Bd3 24.Rd1 Re2+ 25.Kg3 Be4 26.Ng5 Bd6+ 27.Rxd6 cxd6 28.Nxf7 Kd7
29.h4 Bg6 30.Ng5 Nxb2 31.h5 Bd3 32.Bf4 h6 33.Nf7 Nc4 34.Nxd6 Nxd6 35.Rd1 Ne4+
36.Kf3 Nf2 37.Rc1 Nh3 38.Rc7+ Ke8 39.Bd6 Ng5+ 40.Kf4 Ne6+  0-1

[Event "NLD-chT9697"]
[Site "Holland"]
[Date "1996.??.??"]
[Round "?"]
[White "Bosboom, Manuel"]
[Black "Helvensteijn, Dennis"]
[Result "1-0"]
[WhiteElo "2425"]
[BlackElo "2230"]

1.d4 d5 2.c4 Nc6 3.Nf3 Bg4 4.cxd5 Bxf3 5.gxf3 Qxd5 6.e3 e5 7.Nc3 Bb4 8.Bd2 Bxc3
9.bxc3 exd4 10.cxd4 Nge7 11.Rg1 O-O-O 12.Qb3 Qxf3 13.Rb1 b6 14.Rxg7 Rhf8
15.Rc1 Rd6 16.Rg3 Qf6 17.Qa4 Kb8 18.Bg2 Qe6 19.Kf1 f5 20.f4 Rfd8 21.Qc2 Nd5
22.a4 a5 23.Qc4 Nde7 24.Rg7 Qxc4+ 25.Rxc4 h6 26.Be1 Re8 27.Bh4 Rg6 28.Rxg6 Nxg6
29.Bxc6 Rxe3 30.Bf2 Rd3 31.d5  1-0

[Event "HUN-chT1 9697"]
[Site "Hungary"]
[Date "1996.??.??"]
[Round "4"]
[White "Kis, Bela"]
[Black "Hera, Imre Jr"]
[Result "1/2-1/2"]
[WhiteElo "2110"]
[BlackElo "2020"]

1.d4 d5 2.c4 Nc6 3.cxd5 Qxd5 4.Nf3 e5 5.Nc3 Bb4 6.Bd2 Bxc3 7.Bxc3 e4 8.Nd2 Nf6
9.e3 O-O 10.Bc4 Qd6 11.Qb3 a5 12.a3 b6 13.O-O-O Bb7 14.Rhg1 Ba6 15.Bxa6 Rxa6
16.g4 Re8 17.g5 Nd5 18.Rg4 Nxc3 19.Qxc3 Qg6 20.d5 f5 21.dxc6 Re6 22.Nc4 fxg4
23.Rd8+ Kf7 24.Ne5+ Rxe5 25.Qxe5 Qxc6+ 26.Kb1 Kg6 27.Rf8 Qd7 28.Rf6+ Kh5
29.g6+ Kh4 30.Rf5 Qd3+ 31.Ka1 Qf1+ 32.Ka2 Qc4+ 33.Kb1 Qf1+ 34.Kc2 Qd3+ 35.Kc1 Qf1+
36.Kd2 Qd3+ 37.Ke1 Qb1+ 38.Kd2 Qd3+ 39.Kc1 Qf1+ 40.Kc2 Qd3+  1/2-1/2

[Event "Imperia op"]
[Site "Imperia"]
[Date "1996.??.??"]
[Round "3"]
[White "Rossi, Giampiero"]
[Black "Ventura, Boris"]
[Result "1-0"]
[WhiteElo "2105"]
[BlackElo "2190"]

1.d4 d5 2.c4 Nc6 3.Nf3 Bg4 4.e3 Nf6 5.Nc3 e6 6.cxd5 Nxd5 7.Be2 Bb4 8.Bd2 Qe7
9.h3 Bf5 10.O-O Bxc3 11.bxc3 O-O 12.Qb3 Nb6 13.c4 a5 14.Rfd1 a4 15.Qb2 a3
16.Qb3 Be4 17.Rac1 Rfd8 18.Be1 Na4 19.Nd2 Bg6 20.Nb1 Nb2 21.Rd2 Bxb1 22.Rxb1 Nb4
23.Rdxb2 axb2 24.Bxb4 Qf6 25.Qxb2 h6 26.a3 Qg5 27.Bf3 c6 28.Bc3 Rf8 29.Qb3 Rad8
30.c5 Rd7 31.a4 Qh4 32.a5 h5 33.Be1 g5 34.Qc2 Kg7 35.Qe4 g4 36.hxg4  1-0

[Event "Karditsa"]
[Site "Karditsa"]
[Date "1996.??.??"]
[Round "9"]
[White "Agnos, Demetrios"]
[Black "Miladinovic, Igor"]
[Result "1/2-1/2"]
[WhiteElo "2460"]
[BlackElo "2560"]

1.d4 d5 2.c4 Nc6 3.cxd5 Qxd5 4.e3 e5 5.Nc3 Bb4 6.Bd2 Bxc3 7.bxc3 Nf6 8.Nf3 O-O
9.Qc2 Bg4 10.c4 Qd6 11.dxe5 Nxe5 12.Nxe5 Qxe5 13.Bc3 Qg5 14.Bd3 Rad8 15.Bxf6 Qxf6
16.O-O g6 17.Be4 c6 18.h3 Bc8 19.Rad1 Rde8 20.Rd4 Re5 21.Rfd1 Rfe8 22.Rd6 Qh4
23.Bf3 Bf5 24.Qb2 Qe7 25.Qa3 a6 26.Qb2 Qc7 27.R1d2 Bc8 28.Qd4 Qe7 29.Qf4 Re6
30.c5 Re5 31.Qd4 Bf5 32.Kh2 h5 33.Qb4 h4 34.R2d4 Bc8 35.Bg4 Bxg4 36.Rxg4 Re4  1/2-1/2

[Event "JUG-ch sf"]
[Site "Kladovo"]
[Date "1996.??.??"]
[Round "?"]
[White "Rajkovic, Dusan"]
[Black "Tadic, Branko"]
[Result "1-0"]
[WhiteElo "2485"]
[BlackElo "2360"]

1.d4 d5 2.c4 Nc6 3.cxd5 Qxd5 4.e3 e5 5.Nc3 Bb4 6.Bd2 Bxc3 7.bxc3 Qd6 8.Bd3 Nge7
9.Ne2 O-O 10.O-O Kh8 11.Qc2 f5 12.f3 Be6 13.Rab1 b6 14.Rfe1 Rad8 15.Kh1 Bf7
16.Rbd1 Bg6 17.c4 a5 18.Qb2 e4 19.fxe4 fxe4 20.Bb1 Rf2 21.Kg1 Rxe2 22.Rxe2 Bh5
23.Rde1 Bxe2 24.Rxe2 Qe6 25.Qc2 Ng6 26.h3 Nb4 27.Qxe4 Qxc4 28.Rf2 Qc6 29.Qf5 Nd5
30.h4 Qf6 31.h5 Qxf5 32.Bxf5 Nge7 33.Be6 Nf6 34.h6 Rd6 35.Bb3 gxh6 36.e4 Nxe4
37.Rf8+ Kg7 38.Rf7+ Kg6 39.Bf4 Rf6 40.Rxe7 Rxf4 41.Bc2 Kf5 42.g3 Rg4 43.Rxe4 Rxg3+
44.Kf2 Rc3 45.Re2+ Kf4 46.Bxh7 h5 47.Re4+ Kg5 48.Re5+ Kg4 49.Re3 Rc1 50.Rg3+ Kf4
51.Rf3+ Kg5 52.Rf5+ Kg4 53.Rf7 Rc3 54.Bf5+ Kf4 55.Bd3+ Kg5 56.Ke2 h4 57.Kd2 Rc6
58.Ke3 Rc3 59.Kd2 Rc6 60.Rh7 Rd6 61.Ke3 c5 62.dxc5 bxc5 63.Rc7 Kg4 64.Rxc5 h3
65.Be2+ Kh4 66.Rh5+ Kg3 67.Rg5+ Kh2 68.Rxa5 Re6+ 69.Kd2 Kg1 70.Rg5+ Kf2 71.Rf5+ Kg1
72.Bc4 Rd6+ 73.Ke3 h2 74.Rg5+  1-0

[Event "JUG-ch sf"]
[Site "Kladovo"]
[Date "1996.??.??"]
[Round "?"]
[White "Stojanovic, Mihajlo"]
[Black "Tadic, Branko"]
[Result "1-0"]
[WhiteElo "2435"]
[BlackElo "2360"]

1.d4 d5 2.c4 Nc6 3.Nc3 dxc4 4.Nf3 Nf6 5.e4 Bg4 6.Be3 e5 7.d5 Bxf3 8.gxf3 Na5
9.Qa4+ c6 10.b4 cxb3 11.axb3 Nd7 12.Bd2 Nc5 13.Qxa5 Qxa5 14.Rxa5 Nxb3 15.Ra2 a5
16.Bc4 Nd4 17.Be2 Bb4 18.dxc6 bxc6 19.O-O O-O 20.Rb1 Rab8 21.Kf1 Rfd8 22.Kg2 h6
23.Bc4 Rd6 24.Ne2 c5 25.Nxd4  1-0

[Event "CUB-ch"]
[Site "Las Tunas"]
[Date "1996.??.??"]
[Round "10"]
[White "Vera, Reynaldo"]
[Black "Sariego, Wilfredo"]
[Result "0-1"]
[WhiteElo "2505"]
[BlackElo "2430"]

1.d4 d5 2.c4 Nc6 3.Nc3 dxc4 4.Nf3 Nf6 5.e4 Bg4 6.Be3 e6 7.Bxc4 Bb4 8.Qc2 O-O
9.Rd1 Qe7 10.Bb5 e5 11.Bxc6 bxc6 12.dxe5 Nd7 13.Bf4 Bxf3 14.gxf3 Nxe5 15.Bxe5 Qxe5
16.a3 Bd6 17.Rd3 f5 18.Kd1 Kh8 19.h4 Rf6 20.exf5 Rxf5 21.Re1 Qf6 22.Ne4 Qxh4
23.Qxc6 Raf8 24.Qd7 Qh5 25.Rg1 R5f7 26.Qg4 Qb5 27.Rd2 Bf4  0-1